Normal view
MARC view
- Sharma, Anita,
Entry Personal Name
001 - CONTROL NUMBER
- control field: 6672
003 - CONTROL NUMBER IDENTIFIER
- control field: URS
005 - DATE AND TIME OF LATEST TRANSACTION
- control field: 20260312092817.0
008 - FIXED-LENGTH DATA ELEMENTS
- fixed length control field: 260312|| aca||aabn | a|a d
040 ## - CATALOGING SOURCE
- Original cataloging agency: URS
100 ## - HEADING--PERSONAL NAME
- Personal name: Sharma, Anita,
- Relator term: author.